<?xml version="1.0" encoding="UTF-8"?><?xml-stylesheet type="text/xsl" href="static/style.xsl"?><OAI-PMH xmlns="http://www.openarchives.org/OAI/2.0/" xmlns:xsi="http://www.w3.org/2001/XMLSchema-instance" xsi:schemaLocation="http://www.openarchives.org/OAI/2.0/ http://www.openarchives.org/OAI/2.0/OAI-PMH.xsd"><responseDate>2026-04-13T03:56:18Z</responseDate><request verb="GetRecord" identifier="oai:www.recercat.cat:2099.1/18871" metadataPrefix="marc">https://recercat.cat/oai/request</request><GetRecord><record><header><identifier>oai:recercat.cat:2099.1/18871</identifier><datestamp>2025-07-22T17:04:06Z</datestamp><setSpec>com_2072_1033</setSpec><setSpec>col_2072_452951</setSpec></header><metadata><record xmlns="http://www.loc.gov/MARC21/slim" xmlns:dcterms="http://purl.org/dc/terms/" xmlns:xsi="http://www.w3.org/2001/XMLSchema-instance" xmlns:doc="http://www.lyncode.com/xoai" xsi:schemaLocation="http://www.loc.gov/MARC21/slim http://www.loc.gov/standards/marcxml/schema/MARC21slim.xsd">
   <leader>00925njm 22002777a 4500</leader>
   <datafield ind2=" " ind1=" " tag="042">
      <subfield code="a">dc</subfield>
   </datafield>
   <datafield ind2=" " ind1=" " tag="720">
      <subfield code="a">Pellicer Aliaga, Francisco</subfield>
      <subfield code="e">author</subfield>
   </datafield>
   <datafield ind2=" " ind1=" " tag="720">
      <subfield code="a">Reitsma, Robert</subfield>
      <subfield code="e">author</subfield>
   </datafield>
   <datafield ind2=" " ind1=" " tag="720">
      <subfield code="a">Agüera Illescas, Joaquín</subfield>
      <subfield code="e">author</subfield>
   </datafield>
   <datafield ind2=" " ind1=" " tag="720">
      <subfield code="a">Marinas, Alexandra</subfield>
      <subfield code="e">author</subfield>
   </datafield>
   <datafield ind2=" " ind1=" " tag="260">
      <subfield code="c">2013-06</subfield>
   </datafield>
   <datafield ind2=" " ind1=" " tag="520">
      <subfield code="a">Treball desenvolupat dins el marc del programa 'European Project Semester'.</subfield>
   </datafield>
   <datafield ind2=" " ind1=" " tag="520">
      <subfield code="a">The Acoustic Buoy is a project between the Laboratory of Applied Bioacoustics (LAB) and the&#xd;
Universitat Politècnica de Catalunya (UPC). In areas that the human activities produce high noise&#xd;
levels, such as oil exploration or construction, there is a need to monitor the environment for the&#xd;
presence of cetaceans. Another need is for fishing, to prevent endangered species from being killed.&#xd;
This can be done with an Autonomous Acoustic Buoy (AAB). Mooring or anchoring at to the seafloor&#xd;
can be costly, especially in deep water, for these situations a free floating buoy is required that can&#xd;
monitor the environment and send an alert message when cetaceans are detected nearby or noise&#xd;
levels have exceeded a certain threshold.&#xd;
As an ongoing project different components of the overall concept have been researched and&#xd;
developed, a buoy has been designed, software and hardware have been developed for data&#xd;
acquisition, and a watchdog system has been built to ensure a safe and autonomous unattended&#xd;
operation of the electronics. But one of the key things the overall concept is still missing is the&#xd;
communication system, in short a system needed for transferring the collected data to the end user.&#xd;
Therefore our problem statement is as follows, how can data be transferred from a collecting buoy&#xd;
to the end user and be presented in an accessible and easy to use interface.&#xd;
In order to monitor a large area several autonomous acoustic buoys can be deployed. In order to&#xd;
increase the radio coverage every AAB has the capability of acting as a node in a wireless mesh&#xd;
network so the alarm can automatically find its way to the ship, base or shore point where the end&#xd;
user control station is located. The overall system consists of two parts, the first is the transmission&#xd;
of data between the buoy and the control station and second is the user-interface for displaying alert&#xd;
messages on a map for the end user. Both parts are going to be developed during the European&#xd;
Project Semester 2013</subfield>
   </datafield>
   <datafield tag="653" ind2=" " ind1=" ">
      <subfield code="a">Àrees temàtiques de la UPC::Enginyeria de la telecomunicació::Processament del senyal</subfield>
   </datafield>
   <datafield tag="653" ind2=" " ind1=" ">
      <subfield code="a">Autonomous</subfield>
   </datafield>
   <datafield tag="653" ind2=" " ind1=" ">
      <subfield code="a">Acoustic</subfield>
   </datafield>
   <datafield tag="653" ind2=" " ind1=" ">
      <subfield code="a">Buoy</subfield>
   </datafield>
   <datafield tag="653" ind2=" " ind1=" ">
      <subfield code="a">Noise levels</subfield>
   </datafield>
   <datafield tag="653" ind2=" " ind1=" ">
      <subfield code="a">Cetaceans</subfield>
   </datafield>
   <datafield tag="653" ind2=" " ind1=" ">
      <subfield code="a">Seafloor</subfield>
   </datafield>
   <datafield tag="653" ind2=" " ind1=" ">
      <subfield code="a">Flouting</subfield>
   </datafield>
   <datafield tag="653" ind2=" " ind1=" ">
      <subfield code="a">Data acquisition</subfield>
   </datafield>
   <datafield tag="653" ind2=" " ind1=" ">
      <subfield code="a">Communication system</subfield>
   </datafield>
   <datafield tag="653" ind2=" " ind1=" ">
      <subfield code="a">End user</subfield>
   </datafield>
   <datafield tag="653" ind2=" " ind1=" ">
      <subfield code="a">Collecting</subfield>
   </datafield>
   <datafield tag="653" ind2=" " ind1=" ">
      <subfield code="a">Interface</subfield>
   </datafield>
   <datafield tag="653" ind2=" " ind1=" ">
      <subfield code="a">Wireless</subfield>
   </datafield>
   <datafield tag="653" ind2=" " ind1=" ">
      <subfield code="a">Mesh and control station</subfield>
   </datafield>
   <datafield ind2="0" ind1="0" tag="245">
      <subfield code="a">The autonomous acoustic buoy</subfield>
   </datafield>
</record></metadata></record></GetRecord></OAI-PMH>